Airman's Creed USAF - Statistics

General Stats
  • This quiz has been taken 112 times
  • The average score is 39 of 94
Answer Stats
Hint Answer % Correct
word am
100%
word I
100%
word an
96%
word airman.
84%
word American
84%
word I
84%
word a
80%
word am
80%
word have
72%
word I
72%
word warrior.
72%
word airman.
68%
word am
68%
word American
68%
word an
68%
word answered
68%
word call.
68%
word I
68%
word my
68%
word nation's
68%
word and
60%
word fight,
60%
word fly,
60%
word I
60%
word is
60%
word mission
60%
word My
60%
word to
60%
word win.
60%
word a
56%
word a
56%
word am
56%
word faithful
56%
word heritage,
56%
word of
56%
word proud
56%
word to
56%
word tradition
56%
word and
52%
word honor,
52%
word a
48%
word legacy
48%
word of
48%
word valor.
48%
word airman.
44%
word am
44%
word American
44%
word an
44%
word guardian
44%
word I
44%
word of
44%
word and
40%
word freedom
40%
word justice,
40%
word my
40%
word nation's
40%
word and
36%
word sword
36%
word shield,
32%
word and
24%
word it's
24%
word sentry
24%
word avenger.
20%
word I
20%
word airman.
12%
word airman
12%
word am
12%
word American
12%
word an
12%
word an
12%
word and
12%
word behind,
12%
word country
12%
word defend
12%
word fail.
12%
word falter,
12%
word I
12%
word I
12%
word I
12%
word I
12%
word leader,
12%
word leave
12%
word my
12%
word never
12%
word never
12%
word not
12%
word warrior.
12%
word will
12%
word will
12%
word will
12%
word wingman,
12%
word life.
8%
word my
8%
word with
8%
No matching quizzes found
Score Distribution
Percent of People with Each Score
Percentile by Number Answered
Your Score History
You have not taken this quiz